000 00401nam a2200169Ia 4500
001 13606
003 IN-NITTTR
005 20251114233127.0
008 251113s9999||||xx |||||||||||||| ||eng||
040 _beng
040 _cIN-NITTTR
041 _aeng
082 _a005.74068 N229U
100 _aNaveen Prakash,
245 0 _aUnderstanding data base management /
_cNaveen Prakash
942 _2ddc
_cBK
999 _c16242
_d16242